Hai mươi lăm bí quyết để trở thành nữ lãnh đạo tài ba – Cách phụ nữ trở thành tâm điểm

Trình bày về: Lựa chọn để trở thành tâm điểm; Lời thoại mạnh mẽ; Khai mở quyền năng của giọng nói; Tỏa sáng trong tâm điểm

محفوظ في:
التفاصيل البيبلوغرافية
المؤلف الرئيسي: Humphrey, Judith
مؤلفون آخرون: Hoàng, Phương Thảo
التنسيق: كتاب
اللغة:Undetermined
منشور في: H. Phụ nữ 2019
الموضوعات:
الوصول للمادة أونلاين:http://lrc.tdmu.edu.vn/opac/search/detail.asp?aID=2&ID=41389
الوسوم: إضافة وسم
لا توجد وسوم, كن أول من يضع وسما على هذه التسجيلة!
Thư viện lưu trữ: Trung tâm Học liệu Trường Đại học Thủ Dầu Một
LEADER 00931nam a2200205Ia 4500
001 TDMU_41389
008 210410s9999 xx 000 0 und d
082 |a 193 
090 |b H511 
100 |a Humphrey, Judith 
245 0 |a Hai mươi lăm bí quyết để trở thành nữ lãnh đạo tài ba – Cách phụ nữ trở thành tâm điểm 
260 |a H. 
260 |b Phụ nữ 
260 |c 2019 
300 |a 278tr. 
520 |a Trình bày về: Lựa chọn để trở thành tâm điểm; Lời thoại mạnh mẽ; Khai mở quyền năng của giọng nói; Tỏa sáng trong tâm điểm 
650 |a Lãnh đạo  |x Nữ giới  |x Bí quyết thành công 
700 |a Hoàng, Phương Thảo 
856 |u http://lrc.tdmu.edu.vn/opac/search/detail.asp?aID=2&ID=41389 
980 |a Trung tâm Học liệu Trường Đại học Thủ Dầu Một